AH International Schools' Libraries

(KHMER) Physiology / (Record no. 50008)

MARC details
000 -LEADER
fixed length control field 00302nam a2200109 4500
020 ## - INTERNATIONAL STANDARD BOOK NUMBER
International Standard Book Number 9789924341239
100 ## - MAIN ENTRY--PERSONAL NAME
Personal name Tanaka, Etsuro
9 (RLIN) 87048
245 ## - TITLE STATEMENT
Title (KHMER) Physiology /
Statement of responsibility, etc Etsuro Tanaka & Keiko Koyama
260 ## - PUBLICATION, DISTRIBUTION, ETC. (IMPRINT)
Place of publication, distribution, etc Cambodia
Name of publisher, distributor, etc Sipar
Date of publication, distribution, etc 2021
300 ## - PHYSICAL DESCRIPTION
Extent 226 p.
Other physical details ill.: graphics.
Dimensions 24 cm.
942 ## - ADDED ENTRY ELEMENTS (KOHA)
Source of classification or shelving scheme
Koha item type Book
Holdings
Withdrawn status Lost status Source of classification or shelving scheme Damaged status Not for loan Collection code Home library Current library Shelving location Date acquired Total Checkouts Full call number Barcode Date last seen Price effective from Koha item type
          Siem Riep Asian Hope Siem Reap Asian Hope Siem Reap SECONDARY 01/09/2026   KHMER 612.044 TAN 209609 01/09/2026 01/09/2026 Book

For any Logos Library related questions please contact Miss Art at swongnarasuk@asianhope.org.

For any Asian Hope Library related questions please contact Miss Raza at graza@asianhope.org.

Click here to explore our ebooks!

Powered by Koha